Géographie - Provinces d'Iran. - Statistiques

Statistiques générales
  • Ce quiz a été pris 34 fois
  • Le résultat moyen est 5 sur 30
Statistiques - réponses
Hint Réponse % Correct

Province d'Azerbaïdjan oriental
47%

Province du Sistan-et-Baloutchistan
41%

Province d'Ardabil
35%

Province de Qom
35%

Province de Guilan
29%

Province du Fars
29%

Province du Khorassan méridional
29%

Province d'Azerbaïdjan occidental
24%

Province de Téhéran
24%

Province d'Ispahan
24%

Province du Golestan
24%

Province du Khorassan-e Razavi
24%

Province du Khorassan septentrional
24%

Province du Khouzistan
24%

Province d'Alborz
18%

Province de Bouchehr
18%

Province de Yazd
18%

Province du Kurdistan
18%

Province de Kerman
12%

Province de Zandjan
12%

Province de Hamedan
6%

Province de Qazvin
6%

Province de Semnan
6%

Province du Hormozgan
6%

Province du Mazandéran
6%

Province du Tchaharmahal-et-Bakhtiari
6%

Province de Kermanchah
0%

Province d'Ilam
0%

Province du Kohguilouyeh-et-Bouyer-Ahmad
0%

Province du Lorestan
0%
Aucun quiz correspondant
Distribution des résultats
% des personnes avec chaque résultat
Percentile par nombre de réponses
Votre historique - résultats
Vous n’avez pas pris ce quiz